Education planning & monitoring / (Record no. 28429)

MARC details
000 -LEADER
fixed length control field 00852nam a22002297a 4500
005 - DATE AND TIME OF LATEST TRANSACTION
control field 20090720100836.0
008 - FIXED-LENGTH DATA ELEMENTS--GENERAL INFORMATION
fixed length control field 090720t xxu||||| |||| 00| 0 eng d
010 ## - LCCN (DPL NO)
LC control number ENG-94474
020 ## - INTERNATIONAL STANDARD BOOK NUMBER
International Standard Book Number 9788131305607
Terms of availability 695.00
035 ## - SYSTEM CONTROL NUMBER
System control number EN-78007
037 ## - SOURCE OF ACQUISITION
Source of stock number/acquisition DBAD / PUB
040 ## - CATALOGING SOURCE
Original cataloging agency dpl
Language of cataloging English
082 ## - DEWEY DECIMAL CLASSIFICATION NUMBER
Classification number 379.2
100 ## - MAIN ENTRY--PERSONAL NAME
Personal name Rao, Digumarti Bhaskar
245 ## - TITLE STATEMENT
Title Education planning & monitoring /
Statement of responsibility, etc by Digumarti Bhaskar Rao
260 ## - PUBLICATION, DISTRIBUTION, ETC. (IMPRINT)
Place of publication, distribution, etc New Delhi
Name of publisher, distributor, etc APH Publishing Corporation
Date of publication, distribution, etc 2009
270 ## - ADDRESS
Address 4435-36/7, Ansari Road, Daryaganj
City New Delhi
Postal code 110002
300 ## - PHYSICAL DESCRIPTION
Extent x, 156p.
Dimensions 26cm(Hb)
500 ## - GENERAL NOTE
General note Includes index
942 ## - ADDED ENTRY ELEMENTS (KOHA)
Source of classification or shelving scheme Dewey Decimal Classification
Item type English Books
Call number suffix RAO
Classification part 379.2
Holdings
Withdrawn status Lost status Source of classification or shelving scheme Damaged status Not for loan Collection code Home library Current library Date acquired Source of acquisition Cost, normal purchase price Total Checkouts Full call number Barcode Date last seen Copy number Cost, replacement price Koha item type
    Dewey Decimal Classification   Not For Loan Non-fiction D.B.Act.Division D.B.Act.Division 20/07/2009 DBAD / PUB 695.00   379.2 RAO EN-78007 20/07/2009 1 695.00 English Books

© Delhi Public Library
Hit Counter
free hit counter